00564    a2200169   4500003000500000005001700005040000900022082001000031100002900041245005400070260003700124300001800161505016000179538002900339650001500368651001100383Nust20170207153207.0  cNust  a005.1  aLatif, Suhail   (MSCS-3)  aC31 System of Air Tactical PlanningcSuhail Latif  bMCS,NUSTcApril 1998aRawalpindi  a98, p;billus  aIntroduction (page-1) Background & literature review (page-7) Conceptualization (page-34) Implementation (page-56) Conclusion and recommendations (page-87)  aAlmirah No 73 Shelf No 2  aPG Theises  aMSCS-3